[Event "DVM U16 2023"]
[Site "Magdeburg GER"]
[Date "2023.12.30"]
[Round "7"]
[White "Kauth, Lukas"]
[Black "Laucht, Philipp"]
[Result "1/2-1/2"]
[Termination "normal"]
[Board "8.2"]
[WhiteElo "1696"]
[BlackElo "1661"]
[WhiteClock "00:12:01"]
[BlackClock "00:00:39"]
[WhiteTeam "SK Bebenhausen 1992"]
[BlackTeam "SK Johanneum Eppendorf"]
[PlyCount "132"]
[WhiteFideId "16272994"]
[BlackFideId "16244869"]
[EventCountry "GER"]
[EventRounds "7"]
[EventType "team-swiss"]
[EventDate "2023.12.26"]

1. e4 {[%clk 01:30:47]} {[%emt 00:00:12]} c5 {[%clk 01:30:54]} {[%emt
00:00:07]} 2. Nf3 {[%clk 01:31:04]} {[%emt 00:00:12]} d6 {[%clk 01:31:19]}
{[%emt 00:00:06]} 3. d4 {[%clk 01:31:23]} {[%emt 00:00:11]} cxd4 {[%clk
01:31:39]} {[%emt 00:00:11]} 4. Nxd4 {[%clk 01:31:45]} {[%emt 00:00:06]} Nf6
{[%clk 01:32:06]} {[%emt 00:00:04]} 5. Nc3 {[%clk 01:32:08]} {[%emt 00:00:06]}
a6 {[%clk 01:32:25]} {[%emt 00:00:12]} 6. Rg1 {[%clk 01:31:42]} {[%emt
00:00:56]} e6 {[%clk 01:09:24]} {[%emt 00:23:30]} 7. g4 {[%clk 01:31:50]}
{[%emt 00:00:23]} d5 {[%clk 00:57:52]} {[%emt 00:12:02]} 8. exd5 {[%clk
01:18:23]} {[%emt 00:13:59]} Nxd5 {[%clk 00:58:06]} {[%emt 00:00:14]} 9. Nxd5
{[%clk 01:18:36]} {[%emt 00:00:17]} Qxd5 {[%clk 00:54:21]} {[%emt 00:04:15]}
10. Bg2 {[%clk 01:15:47]} {[%emt 00:03:18]} Qe5+ {[%clk 00:53:27]} {[%emt
00:01:25]} 11. Ne2 {[%clk 01:04:40]} {[%emt 00:11:38]} Nc6 {[%clk 00:42:29]}
{[%emt 00:11:28]} 12. c3 {[%clk 01:03:14]} {[%emt 00:01:56]} Bd7 {[%clk
00:40:10]} {[%emt 00:02:48]} 13. Bf4 {[%clk 01:02:16]} {[%emt 00:01:28]} Qb5
{[%clk 00:37:18]} {[%emt 00:03:22]} 14. Qd2 {[%clk 00:54:24]} {[%emt 00:08:23]}
Rd8 {[%clk 00:30:50]} {[%emt 00:06:57]} 15. O-O-O {[%clk 00:51:32]} {[%emt
00:03:22]} Be7 {[%clk 00:23:42]} {[%emt 00:07:39]} 16. Bc7 {[%emt 00:17:35]}
O-O {[%clk 00:12:37]} 17. Bxd8 {[%clk 00:44:24]} {[%emt 00:02:07]} Rxd8 {[%clk
00:13:00]} {[%emt 00:00:07]} 18. Nd4 {[%clk 00:35:46]} {[%emt 00:09:09]} Qe5
{[%clk 00:11:56]} {[%emt 00:01:34]} 19. Nxc6 {[%clk 00:33:56]} {[%emt
00:02:20]} bxc6 {[%clk 00:11:55]} {[%emt 00:00:31]} 20. Qd4 {[%clk 00:29:08]}
{[%emt 00:05:17]} Qa5 {[%clk 00:10:13]} {[%emt 00:02:12]} 21. Qc4 {[%clk
00:25:32]} {[%emt 00:04:07]} Qc7 {[%clk 00:09:21]} {[%emt 00:01:21]} 22. Kb1
{[%clk 00:24:07]} {[%emt 00:01:56]} a5 {[%clk 00:08:48]} {[%emt 00:01:03]} 23.
Be4 {[%clk 00:11:44]} {[%emt 00:12:52]} c5 {[%clk 00:07:54]} {[%emt 00:01:25]}
24. g5 {[%clk 00:10:27]} {[%emt 00:01:47]} g6 {[%clk 00:07:24]} {[%emt
00:01:01]} 25. h4 {[%emt 00:01:35]} Rb8 {[%clk 00:07:18]} {[%emt 00:00:35]} 26.
h5 {[%clk 00:08:47]} {[%emt 00:01:06]} Bb5 {[%clk 00:07:11]} {[%emt 00:00:36]}
27. Qb3 {[%clk 00:05:08]} {[%emt 00:04:10]} Be2 {[%clk 00:03:53]} {[%emt
00:03:47]} 28. Qc2 {[%clk 00:04:57]} {[%emt 00:00:41]} Bxd1 {[%clk 00:02:57]}
{[%emt 00:01:26]} 29. Qxd1 {[%clk 00:05:15]} {[%emt 00:00:12]} Qe5 {[%clk
00:02:42]} {[%emt 00:00:45]} 30. Qc2 {[%clk 00:05:04]} {[%emt 00:00:41]} Kg7
{[%clk 00:01:56]} {[%emt 00:01:16]} 31. hxg6 {[%clk 00:05:00]} {[%emt
00:00:34]} hxg6 {[%clk 00:02:18]} {[%emt 00:00:08]} 32. f3 {[%clk 00:04:41]}
{[%emt 00:00:49]} c4 {[%clk 00:02:22]} {[%emt 00:00:27]} 33. Qc1 {[%clk
00:04:12]} {[%emt 00:00:58]} a4 {[%clk 00:01:32]} {[%emt 00:01:21]} 34. Rg2
{[%clk 00:03:39]} {[%emt 00:01:02]} a3 {[%clk 00:01:21]} {[%emt 00:00:42]} 35.
Qe3 {[%clk 00:03:12]} {[%emt 00:00:56]} Bc5 {[%clk 00:01:06]} {[%emt 00:00:45]}
36. f4 {[%clk 00:01:44]} {[%emt 00:01:58]} Bxe3 {[%clk 00:00:41]} {[%emt
00:00:55]} 37. fxe5 {[%clk 00:01:52]} {[%emt 00:00:22]} axb2 {[%clk 00:00:39]}
{[%emt 00:00:32]} 38. Rxb2 {[%clk 00:01:51]} {[%emt 00:00:32]} Rxb2+ {[%clk
00:00:45]} {[%emt 00:00:23]} 39. Kxb2 {[%emt 00:00:03]} Bxg5 {[%clk 00:00:52]}
{[%emt 00:00:21]} 40. a4 {[%clk 00:02:01]} {[%emt 00:00:50]} Bf4 {[%clk
00:00:40]} {[%emt 00:00:41]} 41. a5 {[%clk 00:02:14]} {[%emt 00:00:17]} Bxe5
{[%clk 00:00:38]} {[%emt 00:00:31]} 42. a6 {[%clk 00:02:38]} {[%emt 00:00:07]}
Bb8 {[%clk 00:27:50]} {[%emt 00:03:18]} 43. Ka3 {[%emt 00:00:43]} Kf6 {[%clk
00:10:14]} {[%emt 00:18:04]} 44. Kb4 {[%clk 00:18:43]} {[%emt 00:14:14]} Ke5
{[%clk 00:10:04]} {[%emt 00:00:41]} 45. Kb5 {[%clk 00:16:09]} {[%emt 00:03:03]}
Ba7 {[%clk 00:07:49]} {[%emt 00:02:45]} 46. Bg2 {[%clk 00:14:42]} {[%emt
00:01:57]} Kd6 {[%clk 00:07:00]} {[%emt 00:01:19]} 47. Kxc4 {[%clk 00:14:35]}
{[%emt 00:00:37]} e5 {[%clk 00:06:25]} {[%emt 00:01:04]} 48. Bd5 {[%clk
00:14:06]} {[%emt 00:01:00]} f6 {[%clk 00:05:33]} {[%emt 00:01:20]} 49. Bf7
{[%clk 00:13:03]} {[%emt 00:01:34]} g5 {[%clk 00:05:53]} {[%emt 00:00:10]} 50.
Bg6 {[%clk 00:12:45]} {[%emt 00:00:46]} g4 {[%clk 00:04:36]} {[%emt 00:01:47]}
51. Kd3 {[%clk 00:11:35]} {[%emt 00:01:42]} g3 {[%clk 00:04:16]} {[%emt
00:00:50]} 52. Be4 {[%clk 00:10:27]} {[%emt 00:01:38]} f5 {[%clk 00:04:36]}
{[%emt 00:00:10]} 53. Bg2 {[%clk 00:10:20]} {[%emt 00:00:36]} e4+ {[%clk
00:02:51]} {[%emt 00:02:16]} 54. Ke2 {[%clk 00:10:31]} {[%emt 00:00:20]} Kd5
{[%clk 00:01:51]} {[%emt 00:01:27]} 55. Bh3 {[%clk 00:09:06]} {[%emt 00:01:56]}
f4 {[%clk 00:01:49]} {[%emt 00:00:33]} 56. Bg2 {[%clk 00:09:12]} {[%emt
00:00:23]} Ke5 {[%clk 00:01:41]} {[%emt 00:00:36]} 57. Bh1 {[%clk 00:09:23]}
{[%emt 00:00:20]} Kf5 {[%clk 00:01:34]} {[%emt 00:00:37]} 58. Bg2 {[%clk
00:09:38]} {[%emt 00:00:15]} Ke5 {[%clk 00:00:57]} {[%emt 00:01:06]} 59. Bh1
{[%clk 00:09:46]} {[%emt 00:00:22]} Kf5 {[%clk 00:00:48]} {[%emt 00:00:40]} 60.
Bg2 {[%clk 00:10:12]} {[%emt 00:00:04]} Bb6 {[%clk 00:00:47]} {[%emt 00:00:31]}
61. Bh1 {[%clk 00:10:22]} {[%emt 00:00:19]} Ke5 {[%clk 00:00:43]} {[%emt
00:00:34]} 62. Bg2 {[%clk 00:10:47]} {[%emt 00:00:05]} Bc5 {[%clk 00:00:40]}
{[%emt 00:00:34]} 63. Bh1 {[%clk 00:11:05]} {[%emt 00:00:11]} Kf5 {[%clk
00:00:53]} {[%emt 00:00:17]} 64. Bg2 {[%clk 00:11:29]} {[%emt 00:00:08]} Bg1
{[%clk 00:00:44]} {[%emt 00:00:37]} 65. Bh1 {[%clk 00:11:34]} {[%emt 00:00:25]}
Bf2 {[%clk 00:00:39]} {[%emt 00:00:35]} 66. Bg2 {[%clk 00:12:01]} {[%emt
00:00:04]} Ba7 {[%clk 00:00:39]} {[%emt 00:00:27]} 1/2-1/2

[Event "DVM U16 2023"]
[Site "Magdeburg GER"]
[Date "2023.12.30"]
[Round "7"]
[White "Miller, Elias"]
[Black "Andrei, Quentin"]
[Result "1-0"]
[Termination "normal"]
[Board "8.3"]
[WhiteElo "1410"]
[BlackElo "1550"]
[WhiteClock "00:35:47"]
[BlackClock "00:29:38"]
[WhiteTeam "SK Johanneum Eppendorf"]
[BlackTeam "SK Bebenhausen 1992"]
[PlyCount "83"]
[WhiteFideId "34623590"]
[BlackFideId "16255712"]
[EventCountry "GER"]
[EventRounds "7"]
[EventType "team-swiss"]
[EventDate "2023.12.26"]

1. d4 {[%clk 01:30:59]} {[%emt 00:00:01]} Nf6 {[%clk 01:30:42]} {[%emt
00:00:18]} 2. c4 {[%clk 01:31:11]} {[%emt 00:00:17]} g6 {[%clk 01:30:51]}
{[%emt 00:00:21]} 3. Nc3 {[%clk 01:31:08]} {[%emt 00:00:33]} Bg7 {[%clk
01:30:42]} {[%emt 00:00:39]} 4. e4 {[%clk 01:31:05]} {[%emt 00:00:33]} d6
{[%clk 01:30:42]} {[%emt 00:00:30]} 5. Be2 {[%clk 01:30:52]} {[%emt 00:00:44]}
O-O {[%clk 01:30:10]} {[%emt 00:01:02]} 6. Nf3 {[%clk 01:31:12]} {[%emt
00:00:10]} e5 {[%clk 01:29:49]} {[%emt 00:00:51]} 7. O-O {[%clk 01:31:30]}
{[%emt 00:00:13]} Nc6 {[%clk 01:29:55]} {[%emt 00:00:23]} 8. d5 {[%clk
01:31:25]} {[%emt 00:00:35]} Ne7 {[%clk 01:30:19]} {[%emt 00:00:06]} 9. Nd2
{[%clk 01:30:18]} {[%emt 00:01:38]} Ne8 {[%clk 01:29:43]} {[%emt 00:01:06]} 10.
Rb1 {[%clk 01:29:09]} {[%emt 00:01:38]} f5 {[%emt 00:03:00]} 11. b4 {[%clk
01:28:55]} Nf6 {[%clk 01:27:52]} {[%emt 00:00:37]} 12. c5 {[%clk 01:28:50]}
{[%emt 00:00:33]} f4 {[%clk 01:27:12]} {[%emt 00:01:11]} 13. Nc4 {[%clk
01:27:11]} {[%emt 00:02:09]} h5 {[%clk 01:13:56]} {[%emt 00:13:45]} 14. Ba3
{[%clk 01:21:19]} {[%emt 00:06:22]} Ne8 {[%clk 00:41:13]} {[%emt 00:33:13]} 15.
Qb3 {[%clk 00:54:14]} {[%emt 00:27:35]} Kh8 {[%clk 00:33:56]} {[%emt 00:07:47]}
16. b5 {[%clk 00:45:04]} {[%emt 00:09:39]} dxc5 {[%clk 00:32:54]} {[%emt
00:01:33]} 17. Bxc5 {[%clk 00:44:16]} {[%emt 00:01:17]} Nd6 {[%clk 00:33:14]}
{[%emt 00:00:10]} 18. Qa3 {[%clk 00:41:54]} {[%emt 00:02:52]} Nxc4 {[%clk
00:31:08]} {[%emt 00:02:36]} 19. Bxc4 {[%clk 00:42:13]} {[%emt 00:00:11]} Re8
{[%clk 00:28:15]} {[%emt 00:03:24]} 20. Rfd1 {[%clk 00:36:40]} {[%emt
00:06:03]} Ng8 {[%clk 00:26:17]} {[%emt 00:02:28]} 21. d6 {[%clk 00:35:05]}
{[%emt 00:02:05]} Be6 {[%clk 00:19:12]} {[%emt 00:07:35]} 22. d7 {[%clk
00:25:37]} {[%emt 00:09:58]} Bxc4 {[%clk 00:17:34]} {[%emt 00:02:07]} 23.
dxe8=Q {[%clk 00:24:32]} {[%emt 00:01:36]} Qxe8 {[%clk 00:17:57]} {[%emt
00:00:06]} 24. Nd5 {[%clk 00:17:44]} {[%emt 00:07:19]} Bxd5 {[%clk 00:15:17]}
{[%emt 00:03:10]} 25. Rxd5 {[%clk 00:17:51]} {[%emt 00:00:23]} Nf6 {[%clk
00:13:40]} {[%emt 00:02:07]} 26. Rd3 {[%clk 00:14:33]} {[%emt 00:03:48]} Nxe4
{[%clk 00:13:07]} {[%emt 00:01:03]} 27. Be7 {[%clk 00:13:51]} {[%emt 00:01:12]}
Bf6 {[%clk 00:09:54]} {[%emt 00:03:42]} 28. Bxf6+ {[%clk 00:13:40]} {[%emt
00:00:42]} Nxf6 {[%clk 00:10:23]} {[%emt 00:00:01]} 29. Qc3 {[%clk 00:12:25]}
{[%emt 00:01:45]} Qe7 {[%clk 00:09:31]} {[%emt 00:01:23]} 30. Re1 {[%clk
00:09:39]} {[%emt 00:03:15]} e4 {[%clk 00:09:32]} {[%emt 00:00:29]} 31. Rd4
{[%emt 00:00:38]} Kh7 32. Rc4 {[%clk 00:08:43]} {[%emt 00:01:18]} Rc8 {[%clk
00:09:25]} {[%emt 00:01:06]} 33. Rc1 {[%clk 00:08:14]} {[%emt 00:00:59]} c6
{[%clk 00:03:24]} {[%emt 00:06:31]} 34. bxc6 {[%clk 00:07:26]} {[%emt
00:01:19]} Rxc6 {[%emt 00:00:03]} 35. Rxc6 {[%clk 00:07:21]} {[%emt 00:00:34]}
bxc6 {[%clk 00:04:20]} 36. Qxc6 {[%clk 00:07:24]} {[%emt 00:00:27]} e3 {[%clk
00:04:44]} {[%emt 00:00:07]} 37. Qc7 {[%clk 00:06:54]} {[%emt 00:01:00]} Nd7
{[%clk 00:00:36]} {[%emt 00:04:38]} 38. Qxf4 {[%clk 00:06:45]} {[%emt
00:00:38]} e2 {[%clk 00:00:35]} {[%emt 00:00:32]} 39. Qd2 {[%clk 00:06:59]}
{[%emt 00:00:16]} Qa3 {[%clk 00:00:33]} {[%emt 00:00:33]} 40. Qxd7+ {[%clk
00:07:15]} {[%emt 00:00:13]} Kh6 {[%clk 00:00:57]} {[%emt 00:00:06]} 41. Qd2+
{[%clk 00:07:28]} {[%emt 00:00:16]} Kg7 {[%clk 00:29:38]} {[%emt 00:01:49]} 42.
Re1 {[%clk 00:35:47]} {[%emt 00:02:12]} 1-0

[Event "DVM U16 2023"]
[Site "Magdeburg GER"]
[Date "2023.12.30"]
[Round "7"]
[White "Geray, Idar"]
[Black "Barembruch, Bruno"]
[Result "0-1"]
[Termination "normal"]
[Board "8.4"]
[WhiteElo "1456"]
[BlackElo "1660"]
[WhiteClock "00:07:22"]
[BlackClock "00:44:10"]
[WhiteTeam "SK Bebenhausen 1992"]
[BlackTeam "SK Johanneum Eppendorf"]
[PlyCount "68"]
[WhiteFideId "34615059"]
[BlackFideId "34639411"]
[EventCountry "GER"]
[EventRounds "7"]
[EventType "team-swiss"]
[EventDate "2023.12.26"]

1. d4 {[%clk 01:30:57]} {[%emt 00:00:02]} d5 {[%clk 01:30:50]} {[%emt
00:00:10]} 2. Nf3 {[%clk 01:31:21]} {[%emt 00:00:07]} Nf6 {[%clk 01:30:59]}
{[%emt 00:00:20]} 3. e3 {[%clk 01:31:46]} {[%emt 00:00:06]} e6 {[%clk
01:31:16]} {[%emt 00:00:13]} 4. Nbd2 {[%clk 01:32:04]} {[%emt 00:00:11]} b6
{[%clk 01:31:18]} {[%emt 00:00:28]} 5. Bd3 {[%clk 01:31:42]} {[%emt 00:00:53]}
Bb7 {[%clk 01:31:27]} {[%emt 00:00:21]} 6. c3 {[%clk 01:31:50]} {[%emt
00:00:21]} Nbd7 {[%clk 01:30:53]} {[%emt 00:01:05]} 7. O-O {[%clk 01:30:05]}
{[%emt 00:02:15]} c5 {[%clk 01:26:21]} {[%emt 00:05:01]} 8. Re1 {[%clk
01:28:10]} {[%emt 00:02:26]} Be7 {[%clk 01:22:13]} {[%emt 00:04:38]} 9. h3
{[%clk 01:12:29]} {[%emt 00:16:11]} O-O {[%clk 01:22:00]} {[%emt 00:00:24]} 10.
b3 {[%clk 01:02:38]} {[%emt 00:10:40]} Ne4 {[%clk 01:17:29]} {[%emt 00:05:00]}
11. Qc2 {[%clk 00:52:02]} {[%emt 00:11:06]} f5 {[%clk 01:16:31]} {[%emt
00:01:28]} 12. Bf1 {[%clk 00:49:31]} {[%emt 00:03:01]} Qe8 {[%clk 01:13:27]}
{[%emt 00:03:34]} 13. Nxe4 {[%clk 00:36:28]} {[%emt 00:13:33]} fxe4 {[%clk
01:13:32]} {[%emt 00:00:24]} 14. Nh2 {[%clk 00:35:24]} {[%emt 00:01:35]} Qh5
{[%clk 01:10:51]} {[%emt 00:03:10]} 15. Qe2 {[%clk 00:29:49]} {[%emt 00:06:06]}
Qh4 {[%clk 01:07:51]} {[%emt 00:03:29]} 16. g3 {[%clk 00:23:43]} {[%emt
00:06:37]} Qh6 {[%clk 01:03:23]} {[%emt 00:04:57]} 17. Bg2 {[%clk 00:23:16]}
{[%emt 00:00:58]} Bd6 {[%clk 01:03:10]} {[%emt 00:00:42]} 18. Rf1 {[%clk
00:22:28]} {[%emt 00:01:19]} Rf7 {[%clk 01:02:47]} {[%emt 00:00:53]} 19. Bd2
{[%clk 00:20:00]} {[%emt 00:02:58]} Raf8 {[%clk 01:00:14]} {[%emt 00:03:02]}
20. Be1 {[%clk 00:20:17]} {[%emt 00:00:13]} Qg6 {[%clk 00:52:47]} {[%emt
00:07:57]} 21. Rc1 {[%clk 00:12:16]} {[%emt 00:08:31]} h5 {[%clk 00:52:20]}
{[%emt 00:00:57]} 22. h4 {[%clk 00:10:57]} {[%emt 00:01:50]} Nb8 {[%clk
00:46:37]} {[%emt 00:06:13]} 23. Bh3 {[%clk 00:09:48]} {[%emt 00:01:40]} Nc6
{[%clk 00:44:43]} {[%emt 00:02:23]} 24. dxc5 {[%clk 00:07:19]} {[%emt
00:02:59]} bxc5 {[%clk 00:44:03]} {[%emt 00:01:10]} 25. Qb5 {[%clk 00:07:15]}
{[%emt 00:00:34]} Ne5 {[%clk 00:43:14]} {[%emt 00:01:19]} 26. Qa5 {[%clk
00:05:43]} {[%emt 00:02:02]} Nd3 {[%clk 00:42:39]} {[%emt 00:01:05]} 27. Rc2
{[%clk 00:05:54]} {[%emt 00:00:19]} Nxe1 {[%clk 00:42:41]} {[%emt 00:00:28]}
28. Rxe1 {[%clk 00:06:18]} {[%emt 00:00:05]} Bxg3 {[%clk 00:43:03]} {[%emt
00:00:08]} 29. fxg3 {[%emt 00:00:36]} Qxg3+ {[%clk 00:43:21]} {[%emt 00:00:01]}
30. Bg2 {[%clk 00:06:14]} {[%emt 00:00:39]} Qxe1+ {[%clk 00:43:39]} {[%emt
00:00:12]} 31. Nf1 {[%clk 00:06:25]} {[%emt 00:00:19]} Rxf1+ {[%clk 00:43:36]}
{[%emt 00:00:32]} 32. Bxf1 {[%clk 00:06:43]} {[%emt 00:00:12]} Rxf1+ {[%clk
00:43:55]} {[%emt 00:00:11]} 33. Kh2 {[%clk 00:07:03]} {[%emt 00:00:11]} Rh1+
{[%clk 00:43:48]} {[%emt 00:00:06]} 34. Kg2 {[%clk 00:07:22]} {[%emt 00:00:20]}
Qg1# {[%clk 00:44:10]} {[%emt 00:00:05]} 0-1

[Event "DVM U16 2023"]
[Site "Magdeburg GER"]
[Date "2023.12.30"]
[Round "7"]
[White "Aumüller, Naum"]
[Black "Englert, Luca"]
[Result "0-1"]
[Termination "normal"]
[Board "9.1"]
[WhiteElo "1881"]
[BlackElo "2149"]
[WhiteClock "00:45:12"]
[BlackClock "00:31:33"]
[WhiteTeam "SC Bavaria Regensburg 1881"]
[BlackTeam "VfB Schach Leipzig"]
[PlyCount "46"]
[WhiteFideId "16263960"]
[BlackFideId "16293088"]
[EventCountry "GER"]
[EventRounds "7"]
[EventType "team-swiss"]
[EventDate "2023.12.26"]

1. e4 {[%clk 01:30:57]} {[%emt 00:00:02]} c5 {[%clk 01:30:52]} {[%emt
00:00:08]} 2. Nf3 {[%clk 01:31:23]} {[%emt 00:00:05]} d6 {[%clk 01:31:14]}
{[%emt 00:00:08]} 3. Bb5+ {[%clk 01:31:47]} {[%emt 00:00:06]} Nd7 {[%clk
01:31:37]} {[%emt 00:00:07]} 4. a4 {[%clk 01:32:13]} {[%emt 00:00:03]} Ngf6
{[%clk 01:31:57]} {[%emt 00:00:11]} 5. Nc3 {[%clk 01:32:38]} {[%emt 00:00:06]}
g6 {[%clk 01:31:51]} {[%emt 00:00:35]} 6. a5 {[%clk 01:32:52]} {[%emt
00:00:16]} Bg7 {[%clk 01:31:44]} {[%emt 00:00:37]} 7. O-O {[%clk 01:32:12]}
{[%emt 00:01:10]} O-O {[%clk 01:32:07]} {[%emt 00:00:07]} 8. Re1 {[%clk
01:32:13]} {[%emt 00:00:29]} a6 {[%clk 01:26:27]} {[%emt 00:06:09]} 9. Bf1
{[%clk 01:32:15]} {[%emt 00:00:28]} b5 {[%clk 01:25:52]} {[%emt 00:01:06]} 10.
axb6 {[%clk 01:32:19]} {[%emt 00:00:26]} Qxb6 {[%clk 01:25:31]} {[%emt
00:00:51]} 11. Bc4 {[%clk 01:22:54]} {[%emt 00:09:55]} Bb7 {[%clk 01:23:52]}
{[%emt 00:02:23]} 12. d3 {[%clk 01:21:32]} {[%emt 00:01:37]} e6 {[%clk
01:19:15]} {[%emt 00:05:07]} 13. Qd2 {[%clk 01:14:26]} {[%emt 00:07:36]} d5
{[%clk 01:17:18]} {[%emt 00:02:27]} 14. exd5 {[%clk 01:12:22]} {[%emt
00:02:34]} exd5 {[%clk 01:17:32]} {[%emt 00:00:16]} 15. Bb3 {[%clk 01:11:13]}
{[%emt 00:01:38]} Rfe8 {[%clk 01:16:30]} {[%emt 00:01:33]} 16. Qg5 {[%clk
01:04:36]} {[%emt 00:07:07]} Rxe1+ {[%clk 01:08:08]} {[%emt 00:08:53]} 17. Nxe1
{[%clk 01:05:04]} {[%emt 00:00:01]} Re8 {[%clk 01:07:01]} {[%emt 00:01:36]} 18.
Nf3 {[%clk 01:00:07]} {[%emt 00:05:28]} d4 {[%clk 00:58:12]} {[%emt 00:09:20]}
19. Na4 {[%clk 00:57:25]} {[%emt 00:03:11]} Bxf3 {[%clk 00:49:40]} {[%emt
00:09:02]} 20. gxf3 {[%clk 00:57:28]} {[%emt 00:00:27]} Qc6 {[%clk 00:49:45]}
{[%emt 00:00:25]} 21. Kg2 {[%clk 00:51:40]} {[%emt 00:06:18]} Re1 {[%clk
00:34:54]} {[%emt 00:15:20]} 22. Qf4 {[%clk 00:46:06]} {[%emt 00:06:04]} Ne5
{[%clk 00:33:27]} {[%emt 00:01:58]} 23. Nxc5 {[%clk 00:45:12]} {[%emt
00:01:24]} Nh5 {[%clk 00:31:33]} {[%emt 00:02:24]} 0-1